| 000 | 005900000a22001210004500 | ||
|---|---|---|---|
| 100 | 1 | _aKalmanovitz G., Manuel | |
| 245 | 1 | 0 | _aEl reino independiente : Little Miss Sunshine, nominada a mejor película en los Óscar |
| 300 | _aVol.0, núm.17 (Febrero, 2007), Página 34 | ||
| 500 | _aCrítico de cine y músico | ||
| 520 | _aDesde hace algunos años, las películas de bajo presupuesto ganan premios Óscar. La pregunta que ronda es: ¿Son realmente independientes o hacen parte de una estrategia de los grandes estudios? | ||
| 773 | 0 | _tArcadia / Andrés Felipe Solano, Editor | |
| 942 | _cANA | ||
| 999 |
_c61925 _d61925 |
||